Reforming Pakistan's political economy / (Record no. 541723)
[ view plain ]
| 000 -LEADER | |
|---|---|
| fixed length control field | 00714mam a2200193 a 4500 |
| 020 ## - INTERNATIONAL STANDARD BOOK NUMBER | |
| International Standard Book Number | 9694023416 |
| 082 00 - DEWEY DECIMAL CLASSIFICATION NUMBER | |
| Classification number | 338.95491 |
| Author Mark | SHA |
| -- | NUST, N-01, p-48 |
| 100 1# - MAIN ENTRY--PERSONAL NAME | |
| Personal name | Khan, Shahrukh Rafi. |
| 9 (RLIN) | 11173 |
| 245 10 - TITLE STATEMENT | |
| Title | Reforming Pakistan's political economy / |
| Statement of responsibility, etc. | Shahrukh Rafi Khan. |
| 260 ## - PUBLICATION, DISTRIBUTION, ETC. | |
| Place of publication, distribution, etc. | Islamabad : |
| Name of publisher, distributor, etc. | Sustainable Development Policy Institute ; |
| Place of publication, distribution, etc. | Lahore : |
| Name of publisher, distributor, etc. | Vanguard, |
| Date of publication, distribution, etc. | 1999. |
| 300 ## - PHYSICAL DESCRIPTION | |
| Extent | ii, 231 p. ; |
| Dimensions | 23 cm. |
| 500 ## - GENERAL NOTE | |
| General note | Essays. |
| 526 ## - STUDY PROGRAM INFORMATION NOTE | |
| Program name | 0 |
| Interest level | 0 |
| Reading level | 0 |
| Title point value | 338_954910000000000_SHA |
| 650 #0 - SUBJECT ADDED ENTRY--TOPICAL TERM | |
| Topical term or geographic name entry element | Ecology |
| Geographic subdivision | Pakistan. |
| 9 (RLIN) | 36745 |
| 650 #0 - SUBJECT ADDED ENTRY--TOPICAL TERM | |
| Topical term or geographic name entry element | Education |
| Geographic subdivision | Pakistan. |
| 9 (RLIN) | 19281 |
| 650 #0 - SUBJECT ADDED ENTRY--TOPICAL TERM | |
| Topical term or geographic name entry element | Non-governmental organizations |
| Geographic subdivision | Pakistan. |
| 9 (RLIN) | 36746 |
| 650 #0 - SUBJECT ADDED ENTRY--TOPICAL TERM | |
| Topical term or geographic name entry element | Structural adjustment (Economic policy) |
| Geographic subdivision | Pakistan. |
| 9 (RLIN) | 36747 |
| 942 ## - ADDED ENTRY ELEMENTS (KOHA) | |
| Source of classification or shelving scheme | |
| Koha item type | Book |
| Withdrawn status | Lost status | Source of classification or shelving scheme | Damaged status | Not for loan | Permanent Location | Current Location | Date acquired | Total Checkouts | Full call number | Barcode | Date last seen | Copy number | Price effective from | Koha item type |
|---|---|---|---|---|---|---|---|---|---|---|---|---|---|---|
| Military College of Engineering (MCE) | Military College of Engineering (MCE) | 08/23/2013 | 338.95491 SHA | MCE-44674 | 08/23/2013 | 1 | 08/23/2013 | Book |
